Η σχέσις φ(ν)=2ˆν+1 : λύσις και διατύπωσις του προβλήματος

Saved in:
Bibliographic Details
Main Author: Παπαδάκης, Κωνσταντίνος Νικ
Format: Book
Language:Greek
Published: Αθήναι : Μαρίκα Νικ. Παπαδάκη, 1990
Subjects:
Tags: Add Tag
No Tags, Be the first to tag this record!

MARC

LEADER 00000cam a2200000 a 4500
001 1/106643
008 150529s1990####gr | ||| |||| ||gre||
040 |a GR-MyUa  |b gre  |c GR-MyUa  |e AACR2 
041 0 |a gre 
082 7 |a 512.74   |2 (23) 
100 1 |a Παπαδάκης, Κωνσταντίνος Νικ. 
245 1 1 |a Η σχέσις φ(ν)=2ˆν+1 :   |b λύσις και διατύπωσις του προβλήματος /   |c Κωνσταντίνος Νικ. Παπαδάκης ; έκδοσις-επιμέλεια Μαρίκα Νικ. Παπαδάκη. 
260 |a Αθήναι :   |b Μαρίκα Νικ. Παπαδάκη,   |c 1990  
300 |a 60 σ. :   |b εικ. ;   |c 24 εκ.  
500 |a Στο recto υπάρχει ιδιόχειρη αφιέρωση "Τιμητική προσφορά. Στόν αγαπητό κ αξ. Κο Μάγειραν απο την αδελφή του συγγραφέα. Μαρίκα Ν. Παπαδάκη. Αθήνα 28/6/91. 
500 |a Μαθηματικά 1983.  
650 0 |a Fermat's theorem. 
650 0 |a Fermat's last theorem 
650 0 |a Number theory 
852 |a INST  |b SAMOS  |c MAG  |e 20150529  |h 512.74 ΠΑΠ  |p 005300034469  |q 005300034469  |t BK  |y 0 
970 |a Σιτζίμη   |b Γιασεμή   |z 29/05/2015